Statistiques concernant Culture Générale : Facile #3

Cliquez ici pour prendre le quiz!

Statistiques générales

  • Ce quiz a été pris 647 fois
  • Le résultat moyen est 13 sur 20

Statistiques - réponses

QuestionsRéponses% Correct
Quel est le nom de ce monument situé à New York mais construit à Paris ?La Statue de la Liberté
90%
Quelle est la capitale de la Tunisie ?Tunis
87%
Quel recette est constituée de couches successives de pâtes et de bolognaise ainsi que de béchamel ?Les lasagnes
80%
Comment nomme-t-on une figure à 8 cotés ?Un octogone
80%
Quelle plante de la famille des poivrons est considérée comme un fruit et un légume en même-temps ?La tomate
79%
Quelle espèce de mammifère est connue pour construire des barrages ?Le castor
78%
Quel est le plus petit pays du monde ?Le Vatican
74%
Quel est le premier président de la 5e République Française ?Charles de Gaulle
73%
Pour quel vaccin Pasteur est-il le plus connu ?Le vaccin contre la rage
70%
Comment appelle-t-on le centre d'un atome qui contient les protons et les neutron ?Le noyau
65%
Quel musicien jamaïcain est l'image la plus connue du mouvement rastafari ?Bob Marley
63%
Qui a écrit l'essai philosophique "Candide" ?Voltaire
59%
Dans le panthéon grec, quelle est la déesse de la sagesse et de la stratégie ?Athéna
55%
Quelle série de film commencée en 1998 met en scène Jim Phelps (interprété par Tom Cruise) un agent secret de la CIA ?Mission impossible
55%
Quel est le groupe de concertos le plus connu d'Antonio Vivaldi ?Les 4 saisons
52%
Quelle chaîne de montagne est présente au Népal ?l'Himalaya
49%
En quelle année Charlemagne est-il couronné empereur des francs ?800
45%
Comment se nomme l'explosion d'une étoile ?Une supernova
40%
Compléter l'expression "Avoir un .... à la place du cerveau"Petit pois
37%
Quel terminal informatique français a été, pendant un temps, un concurrent d'Internet ?Le Minitel
33%

Distribution des résultats

Percentile par nombre de réponses

% des personnes avec chaque résultat

Votre développement - résultats

Vous n’avez pas pris ce quiz